American public life and the historical imagination
Saved in:
| Other Authors: | , , |
|---|---|
| Format: | Book |
| Language: | English |
| Published: |
Notre Dame, Ind. :
University of Notre Dame Press,
2003
|
| Subjects: | |
| Tags: |
Add Tag
No Tags, Be the first to tag this record!
|
MARC
| LEADER | 00000cam a2200000 i 4500 | ||
|---|---|---|---|
| 001 | 1/47621 | ||
| 008 | 070706s2003 eng d | ||
| 020 | |a 0-268-02018-3 (pbk.) | ||
| 035 | |l 10088691 | ||
| 040 | |a GR-MY-UA |b gre |e aacr | ||
| 041 | 0 | |a eng | |
| 082 | 0 | |a 973 |2 (22) | |
| 245 | 1 | 0 | |a American public life and the historical imagination / |c Wendy Gamber, Michael Grossberg, and Hendrik Hartog, editors |
| 260 | |a Notre Dame, Ind. : |b University of Notre Dame Press, |c 2003 | ||
| 300 | |a xi, 308 σ.; |c 23 εκ. | ||
| 504 | |a Περιέχει βιβλιογραφικές παραπομπές και ευρετήριο | ||
| 650 | 0 | 0 | |a Political culture |z United States |x History. |
| 650 | 0 | 0 | |a Social movements |z United States |x History. |
| 651 | 0 | |a United States |x Politics and government. | |
| 651 | 0 | |a United States |x Historiography. | |
| 700 | 1 | |a Gamber, Wendy |d 1958- |4 edt | |
| 700 | 1 | |a Grossberg, Michael, |d 1950- |4 edt | |
| 700 | 1 | |a Hartog, Hendrik |d 1948- |4 edt | |
| 852 | |a INST |b LESVOS |e 20070706 |h 973 AME |p 005100037924 |q 005100037924 |t BK |y 0 | ||
| 901 | |a BIBL1-2007-2 | ||
| 909 | |a Λ |b 135632 | ||
| 922 | |a 1ΕΛΗ |b 200706 |c ΕΠΕΑΕΚ2/ΤΚΑ |d Παπασωτηρίου | ||
| 970 | |a Καρά |b Γιασεμή |z 2007/07/06 | ||